000 00477nam a2200193Ia 4500
008 151121s9999||||xx |||||||||||||| ||und||
082 _aC। S।
082 _bHNW-78732
100 _aZheleznova Irina
245 _aTales of the Amber Sea
260 _bRaduga Publishers।
260 _c--
300 _a259
600 _aZheleznova Irina
630 _aTales of the Amber Sea
700 _aZheleznova Irina
730 _aTales of the Amber Sea
942 _cBOOK
999 _c1260136
_d1260133